000 00631nam a22002417a 4500
003 UA-OsUOA
001 88777
007 ta
008 20121017b un ||||| |||| 00| 0 ukr d
100 _aГерасимчук Д.
090 _a821.161.2
_bГ37
942 _cBK
040 _aUA-OsUOA
_bukr
_cUA-OsUOA
_dUA-OsUOA
245 _aВстати, суд іде!
_bповісті
300 _a128 с.
955 _a3
041 _aukr
080 _a821.161.2
020 _a5-7720-0053-5
260 _aК.
_bМолодь
_c1988
650 7 _a82 Література. Літературознавство
_2UDC
999 _c375054
_d375054